| 000 | 00483cam a2200181 4500 | ||
|---|---|---|---|
| 001 | 8118 | ||
| 005 | 20250411152318.0 | ||
| 008 | 070402s2007 | ||
| 010 | _a 2007013900 | ||
| 020 | _a0192642294 | ||
| 020 | _a0192642294 | ||
| 082 | 0 | 0 | _a618.9 |
| 100 | _aKing,Maurice | ||
| 245 | 0 | 0 |
_aPrimary Child Care / _ca guide for the community leader, manager ad teacher. |
| 260 |
_aOxford University Press ; _aNew York : _c1982 |
||
| 300 |
_a 313 p., _bill. _c28 cm. |
||
| 942 |
_2ddc _cMAIN |
||
| 999 |
_c10220 _d10221 |
||